000 00726nam a2200229Ii 4500
003 JO-AjNU
008 230606s9999||||xx |||||||||||||| ||und||
020 _a978-0-470-39973-9
040 _aJO-AjNU
_beng
_erda
_cJO-AjNU
041 _aeng
050 1 4 _a QA371.B77.2010
100 3 _aBoyce,William/Diprima,Richard,
_eauthor
_9941
245 0 0 _a Elementary differential equations and boundary value problems
250 _a2 ed
264 3 1 _aJohn WILEY:NEW YOK.2007
300 _a796p
_bIncludes index.
336 _atext
_btxt
_2rdacontent
337 _aunmediated
_bn
_2rdamedia
338 _avolume
_bnc
_2rdacarrier
490 0 _a International computer science series 
650 4 _a: Differential equations. 
_9942
999 _aE496
_c496
_d496